What's the World Record for... ? Multiple Choice - Statistics

General Stats
  • This quiz has been taken 53 times
  • The average score is 7 of 12
Answer Stats
Question Answer % Correct
Longest living human 122
84%
Fastest 100 metres 9 s 58
84%
Highest magnitude for an earthquake 9.5
76%
Highest building (2025) 828 m (2,717 ft)
55%
Tallest human 2.72 m
53%
Longest monarch reign in recorded history 82 years
53%
Fastest achievement of Countries of the World JetPunk Quiz
(rounded to the nearest minute)
2 min
51%
Fastest 3x3x3 Rubik's Cube solving (speedcubing)
(rounded to the nearest second)
3 s
51%
Heaviest bench press 635 kg (1,401 lb)
43%
Longest time holding breath (classic static apnea underwater, in minutes) 11 m 35 s
41%
Longest hair on a person ever 5.63 m
37%
Most hot dogs eaten in 10 minutes (don't ask me why or how) 76
33%
No matching quizzes found
Score Distribution
Percent of People with Each Score
Percentile by Number Answered
Your Score History
You have not taken this quiz